000
00329nam a2200133Ia 4500
008
100328s9999 xx 000 0 und d
082
_b
34225
100
_a
शिंगटे सुरेश
245
_a
कालवा
260
_b
आशिष
630
_a
कालवा
730
_a
कालवा
942
_c
BOOK
999
_c
524445
_d
524442